Loading...

Consumer cooperatives in India and western countries

Bibliographic Details
Main Author: Saxena, A K
Format: Printed Book
Language:Undetermined
English
Published: Allahabad Chugh Publications 1988
Subjects:
LEADER 00614nam a2200193Ia 4500
008 140306s9999 xx 000 0 und d
020 |a 8185076537 
041 |a eng 
082 |a 334.5  |b SAX/CO 
100 |a Saxena, A K 
245 |a Consumer cooperatives in India and western countries 
260 |a Allahabad  |b Chugh Publications  |c 1988 
300 |a 225 
365 |b Rs.500 
650 |a Coperative movement 
650 |a Organisation 
942 |2 ddc  |c BK 
999 |c 183978  |d 183978 
952 |0 0  |1 0  |2 ddc  |4 0  |6 334_500000000000000_SAX_CO  |7 0  |9 189805  |a KAUCBV  |b KAUCBV  |d 2004-03-03  |g 500.00  |o 334.5 SAX/CO  |r 2014-03-22  |w 2014-03-22  |y BK